[Event "CAN/QC op"]
[Site "Montreal CAN"]
[Date "2002.07.19"]
[Round "8"]
[White "Boulay, David"]
[Black "Schleifer, Michael"]
[Result "1/2-1/2"]
[WhiteElo "2190"]
[BlackElo "2362"]
[PlyCount "50"]
[EventDate "2002.07.13"]
[EventType "swiss"]
[EventRounds "9"]
[EventCountry "CAN"]

1. e4 e5 2. Nf3 d6 3. Bc4 Be7 4. O-O Nf6 5. Re1 Bg4 6. h3 Bh5 7. d3 Nfd7 8.
Nbd2 Nc6 9. c3 Na5 10. Bb3 Nxb3 11. axb3 Nc5 12. Qe2 Ne6 13. Nf1 O-O 14. Ng3
Bg6 15. Be3 a6 16. b4 c6 17. d4 exd4 18. Nxd4 Re8 19. Nxe6 fxe6 20. Qg4 e5 21.
Nf5 Bxf5 22. Qxf5 Rf8 23. Qh5 Qd7 24. Rad1 Qe6 25. Rd2 h6 1/2-1/2

[Event "CAN/QC op"]
[Site "Montreal CAN"]
[Date "2002.07.19"]
[Round "8"]
[White "Chokshi, Manthan"]
[Black "Arsenault, Nicolas"]
[Result "1-0"]
[WhiteElo "2231"]
[BlackElo "1982"]
[PlyCount "57"]
[EventDate "2002.07.13"]
[EventType "swiss"]
[EventRounds "9"]
[EventCountry "CAN"]

1. e4 e6 2. d4 d5 3. e5 c5 4. c3 Nc6 5. Nf3 Bd7 6. Bd3 cxd4 7. cxd4 Qb6 8. O-O
Nxd4 9. Nxd4 Qxd4 10. Qe2 a6 11. Nc3 Qh4 12. f4 Bc5+ 13. Kh1 Nh6 14. f5 Ng4 15.
g3 Qh3 16. fxe6 Bxe6 17. Bf5 O-O 18. Bd2 Rae8 19. Na4 Be7 20. Nb6 Rd8 21. Rf4
Bxf5 22. Rxf5 f6 23. e6 Ne5 24. g4 Nxg4 25. Nd7 Ne5 26. Raf1 Rxd7 27. exd7 Rd8
28. Bc3 Qd3 29. Rxe5 1-0

[Event "CAN/QC op"]
[Site "Montreal CAN"]
[Date "2002.07.19"]
[Round "8"]
[White "Cuartas, Carlos"]
[Black "Linskiy, Oleg"]
[Result "1/2-1/2"]
[WhiteElo "2343"]
[BlackElo "2473"]
[PlyCount "50"]
[EventDate "2002.07.13"]
[EventType "swiss"]
[EventRounds "9"]
[EventCountry "CAN"]

1. e4 e6 2. d4 d5 3. Nd2 Nf6 4. e5 Nfd7 5. Bd3 c5 6. c3 Nc6 7. Ne2 cxd4 8. cxd4
f6 9. exf6 Nxf6 10. O-O Bd6 11. Nf3 O-O 12. Bg5 Qc7 13. Bh4 Nh5 14. Nc3 a6 15.
Re1 g6 16. Bg5 Kg7 17. Be3 Bd7 18. Rc1 Rae8 19. Bf1 h6 20. g3 Rf7 21. Bg2 Ref8
22. Rc2 Nf6 23. h3 g5 24. Bc1 Nh7 25. Be3 Nf6 1/2-1/2

[Event "CAN/QC op"]
[Site "Montreal CAN"]
[Date "2002.07.19"]
[Round "8"]
[White "Fernandez, Lautaro"]
[Black "Moskvitch, Andrei"]
[Result "1/2-1/2"]
[WhiteElo "2006"]
[BlackElo "2195"]
[PlyCount "152"]
[EventDate "2002.07.13"]
[EventType "swiss"]
[EventRounds "9"]
[EventCountry "CAN"]

1. e4 d6 2. d4 e5 3. Nf3 Nd7 4. Bc4 Be7 5. Nc3 Ngf6 6. O-O O-O 7. h3 c6 8. a4
a5 9. Be3 Qc7 10. dxe5 dxe5 11. Nd2 Bc5 12. Qe2 Bxe3 13. Qxe3 Qb6 14. Qxb6 Nxb6
15. Bb3 Nfd7 16. Nf3 h6 17. Rfd1 Re8 18. Ne1 Nc5 19. Nd3 Nbd7 20. Bc4 Nxd3 21.
Rxd3 Nc5 22. Rd2 Be6 23. Bxe6 Nxe6 24. Rad1 Kf8 25. Kf1 Nc5 26. Ke2 Ke7 27. Ke3
Red8 28. b3 Rxd2 29. Rxd2 Rd8 30. Rxd8 Kxd8 31. Nb1 Ne6 32. Na3 Nd4 33. Kd3 b5
34. f4 f6 35. fxe5 fxe5 36. axb5 cxb5 37. c3 Nxb3 38. Nxb5 Nc5+ 39. Kc4 Nxe4
40. Kd5 Nd2 41. Kxe5 Nc4+ 42. Kd4 Nb2 43. c4 Kd7 44. c5 Nd1 45. Nd6 a4 46. Kc4
Ne3+ 47. Kb4 Kc6 48. Ne8 g6 49. Nd6 Nxg2 50. Nf7 Nf4 51. Nxh6 Nxh3 52. Nf7 a3
53. Kxa3 Kxc5 54. Kb3 Kd4 55. Kc2 Ke3 56. Kd1 Kf2 57. Kd2 Nf4 58. Ng5 Nd5 59.
Ne4+ Kf3 60. Ng5+ Kg4 61. Nf7 Kf4 62. Ke2 Ne3 63. Kf2 Ng4+ 64. Kg1 Ne5 65. Nd8
Kf5 66. Kg2 g5 67. Kg3 g4 68. Nb7 Nc4 69. Nc5 Nd6 70. Nd3 Ne4+ 71. Kg2 Kg5 72.
Ne5 g3 73. Nf3+ Kf4 74. Ng1 Nc3 75. Nh3+ Kg4 76. Nf2+ Kh4 1/2-1/2

[Event "CAN/QC op"]
[Site "Montreal CAN"]
[Date "2002.07.19"]
[Round "8"]
[White "Gagnon, Michel"]
[Black "Lezaic, Jovan"]
[Result "0-1"]
[WhiteElo "2212"]
[BlackElo "1982"]
[PlyCount "84"]
[EventDate "2002.07.13"]
[EventType "swiss"]
[EventRounds "9"]
[EventCountry "CAN"]

1. d4 f5 2. Bg5 c6 3. e3 g6 4. Nd2 Bg7 5. c3 d6 6. Ngf3 Nd7 7. Be2 Ngf6 8. O-O
O-O 9. Qc2 Qc7 10. Rac1 Kh8 11. Rfd1 Ng8 12. Bf4 e5 13. dxe5 dxe5 14. Bg3 h6
15. Nc4 b5 16. Nd6 Ba6 17. c4 bxc4 18. Nxc4 Bxc4 19. Bxc4 Ne7 20. Be6 Nb6 21.
Qc5 f4 22. exf4 exf4 23. Bh4 g5 24. Nxg5 hxg5 25. Bxg5 Ng8 26. b3 Rae8 27. Bg4
Re5 28. Qc3 Rxg5 29. Qh3+ Nh6 30. Bf3 Rf6 31. Be4 Re5 32. Qd3 Re7 33. f3 Rd7
34. Qa6 Rxd1+ 35. Rxd1 Rd6 36. Rc1 Bd4+ 37. Kh1 Be3 38. Rb1 Qd7 39. Qf1 Rd2 40.
a4 a5 41. g3 fxg3 42. hxg3 Rf2 0-1

[Event "CAN/QC op"]
[Site "Montreal CAN"]
[Date "2002.07.19"]
[Round "8"]
[White "Gilman, Arkadiy"]
[Black "Boudreau, Daniel"]
[Result "1-0"]
[WhiteElo "1977"]
[BlackElo "2030"]
[PlyCount "45"]
[EventDate "2002.07.13"]
[EventType "swiss"]
[EventRounds "9"]
[EventCountry "CAN"]

1. d4 Nf6 2. c4 c5 3. d5 e6 4. Nc3 exd5 5. cxd5 d6 6. e4 g6 7. h3 Bg7 8. Nf3
O-O 9. Bd3 Na6 10. O-O Nc7 11. Re1 Rb8 12. a4 a6 13. a5 b5 14. axb6 Rxb6 15.
Nd2 Qe7 16. Nc4 Rb4 17. e5 Nfxd5 18. exd6 Qd7 19. dxc7 Nxc3 20. bxc3 Bxc3 21.
Bh6 Bg7 22. Qc1 Qxc7 23. Qe3 1-0

[Event "CAN/QC op"]
[Site "Montreal CAN"]
[Date "2002.07.19"]
[Round "8"]
[White "Goldner, John"]
[Black "Brodie, Hugh"]
[Result "1/2-1/2"]
[WhiteElo "1704"]
[BlackElo "1902"]
[PlyCount "96"]
[EventDate "2002.07.13"]
[EventType "swiss"]
[EventRounds "9"]
[EventCountry "CAN"]

1. e4 c5 2. Ne2 Nc6 3. d4 cxd4 4. Nxd4 g6 5. c4 Bg7 6. Be3 Nf6 7. Nc3 Ng4 8.
Qxg4 Nxd4 9. Qd1 e5 10. Qd2 O-O 11. Nd5 d6 12. Bd3 Be6 13. O-O Qd7 14. Rac1 b6
15. b3 f5 16. f4 fxe4 17. Bxe4 Rae8 18. fxe5 dxe5 19. Rce1 Rxf1+ 20. Rxf1 Rf8
21. Rxf8+ Kxf8 22. Bh6 Qf7 23. Bxg7+ Kxg7 24. h3 Bxd5 25. Bxd5 Qf5 26. Qf2
Qxf2+ 27. Kxf2 Kf6 28. Ke3 Ke7 29. Kd3 a5 30. Kc3 Kd6 31. a3 Ne2+ 32. Kd2 Nf4
33. Bf3 Ne6 34. b4 Nd4 35. Be4 Ne6 36. Bd5 Nf4 37. Bf3 Ne6 38. Bd5 Nf4 39. Bf3
Ne6 40. Kc3 Nd4 41. Bd5 axb4+ 42. axb4 Ne2+ 43. Kd2 Nf4 44. Be4 Ne6 45. Kc3 Nd4
46. Kb2 Ne2 47. Kc2 Nd4+ 48. Kd3 Ne6 1/2-1/2

[Event "CAN/QC op"]
[Site "Montreal CAN"]
[Date "2002.07.19"]
[Round "8"]
[White "Ibrahim, Anthony"]
[Black "McDonough, Jonathan"]
[Result "1/2-1/2"]
[WhiteElo "2183"]
[BlackElo "2003"]
[PlyCount "54"]
[EventDate "2002.07.13"]
[EventType "swiss"]
[EventRounds "9"]
[EventCountry "CAN"]

1. e4 e6 2. d4 d5 3. Nc3 Nf6 4. e5 Nfd7 5. Nce2 c5 6. f4 cxd4 7. Nxd4 Nc6 8.
Ngf3 a6 9. c3 Nc5 10. Bd3 Nxd4 11. Nxd4 Nxd3+ 12. Qxd3 Qc7 13. O-O Bc5 14. Be3
Bd7 15. a4 Ba7 16. Kh1 Qc4 17. Qd1 Qc7 18. Rc1 O-O-O 19. b3 Kb8 20. f5 Ka8 21.
fxe6 Bxe6 22. Nxe6 fxe6 23. Bxa7 Kxa7 24. Qd4+ Kb8 25. Rf3 Rhf8 26. Rcf1 Rxf3
27. Rxf3 Re8 1/2-1/2

[Event "CAN/QC op"]
[Site "Montreal CAN"]
[Date "2002.07.19"]
[Round "8"]
[White "Khassanov, Marat"]
[Black "Tessier, Olivier"]
[Result "1-0"]
[WhiteElo "2375"]
[BlackElo "2021"]
[PlyCount "75"]
[EventDate "2002.07.13"]
[EventType "swiss"]
[EventRounds "9"]
[EventCountry "CAN"]

1. e4 c5 2. Nf3 Nf6 3. e5 Nd5 4. Nc3 e6 5. Nxd5 exd5 6. d4 Nc6 7. dxc5 Bxc5 8.
Qxd5 d6 9. exd6 Qb6 10. Qe4+ Be6 11. Bc4 Bxf2+ 12. Kf1 O-O 13. Bxe6 fxe6 14. c3
e5 15. b4 Rad8 16. Qd5+ Kh8 17. Bg5 Rd7 18. Rd1 h6 19. Bc1 Bh4 20. g3 Rdf7 21.
Rd3 e4 22. Qxe4 Ne5 23. Qxe5 Rxf3+ 24. Rxf3 Rxf3+ 25. Kg2 Qc6 26. Kh3 Bf6 27.
Qe6 Rf2 28. Rg1 Qb5 29. Qg4 Qd5 30. c4 Qxd6 31. Qc8+ Bd8 32. Re1 Kh7 33. Qg4 g6
34. Be3 Rf5 35. Bd4 Qc6 36. Qd1 Qxc4 37. Qa4 Bf6 38. Bg1 1-0

[Event "CAN/QC op"]
[Site "Montreal CAN"]
[Date "2002.07.19"]
[Round "8"]
[White "Legky, Nikolay"]
[Black "Sarwer, Jeff"]
[Result "1-0"]
[WhiteElo "2465"]
[BlackElo "2336"]
[PlyCount "27"]
[EventDate "2002.07.13"]
[EventType "swiss"]
[EventRounds "9"]
[EventCountry "CAN"]

1. d4 Nc6 2. d5 Ne5 3. e4 e6 4. dxe6 fxe6 5. Nc3 Ng6 6. Nf3 Bc5 7. h4 Qf6 8.
Bg5 Qf7 9. Qd2 d6 10. h5 Nf8 11. Na4 Bb6 12. Nxb6 axb6 13. Ne5 dxe5 14. Qd8#
1-0

[Event "CAN/QC op"]
[Site "Montreal CAN"]
[Date "2002.07.19"]
[Round "8"]
[White "Leriche, Felix"]
[Black "Laurin, Jacques"]
[Result "1-0"]
[WhiteElo "2204"]
[BlackElo "1948"]
[PlyCount "79"]
[EventDate "2002.07.13"]
[EventType "swiss"]
[EventRounds "9"]
[EventCountry "CAN"]

1. e4 c5 2. Nf3 Nc6 3. d4 cxd4 4. Nxd4 Nf6 5. Nc3 a6 6. Bc4 e6 7. Be3 Bb4 8. f3
Ne5 9. Bd3 Bxc3+ 10. bxc3 b5 11. a4 Nc4 12. axb5 Nxe3 13. Qe2 Nfd5 14. exd5
Nxd5 15. Qd2 Qb6 16. Nb3 Bb7 17. c4 Qe3+ 18. Qxe3 Nxe3 19. Kf2 Nf5 20. Nc5 Bc8
21. b6 Nd6 22. Rhb1 Nb7 23. Nxa6 O-O 24. c5 f5 25. Bb5 Rf7 26. c4 Nd8 27. Nc7
Rb8 28. Na6 Bxa6 29. Rxa6 Nb7 30. c6 dxc6 31. Bxc6 Nd8 32. Bb5 Nb7 33. Bc6 Nd8
34. Bb5 Nb7 35. Ra7 Kf8 36. Ba6 Nc5 37. Rb5 Nxa6 38. Rxa6 Rd7 39. c5 f4 40. Rb2
1-0

[Event "CAN/QC op"]
[Site "Montreal CAN"]
[Date "2002.07.19"]
[Round "8"]
[White "Morin, Louis"]
[Black "Charbonneau, Anne-Marie"]
[Result "1/2-1/2"]
[WhiteElo "1864"]
[BlackElo "2065"]
[PlyCount "48"]
[EventDate "2002.07.13"]
[EventType "swiss"]
[EventRounds "9"]
[EventCountry "CAN"]

1. e4 c5 2. d4 cxd4 3. c3 dxc3 4. Nxc3 e6 5. Nf3 Bc5 6. Bc4 Ne7 7. O-O O-O 8.
Qe2 Ng6 9. Rd1 Nc6 10. Bg5 Qc7 11. Rac1 h6 12. Nb5 Qb6 13. Be3 Bxe3 14. Qxe3
Qxe3 15. fxe3 a6 16. Nd6 b5 17. Be2 Nge5 18. Nxe5 Nxe5 19. Rc7 Rd8 20. Rdc1 Nc6
21. Rf1 f6 22. Rd1 Kf8 23. Rc1 Na7 24. b4 Nc6 1/2-1/2

[Event "CAN/QC op"]
[Site "Montreal CAN"]
[Date "2002.07.19"]
[Round "8"]
[White "Nguyen, Kim"]
[Black "Fernandez, John"]
[Result "1/2-1/2"]
[WhiteElo "1988"]
[BlackElo "2133"]
[PlyCount "76"]
[EventDate "2002.07.13"]
[EventType "swiss"]
[EventRounds "9"]
[EventCountry "CAN"]

1. e4 c5 2. Nf3 d6 3. d4 cxd4 4. Nxd4 Nf6 5. Nc3 Nc6 6. Bc4 Qb6 7. Nde2 g6 8.
O-O Bg7 9. Bb3 O-O 10. Kh1 a6 11. Bg5 Be6 12. Nf4 Bxb3 13. axb3 e6 14. Nfe2 Nb4
15. Ng3 d5 16. Na4 Qc7 17. c3 Nc6 18. Bxf6 Bxf6 19. exd5 exd5 20. Qxd5 Bg7 21.
Qc5 Rad8 22. Nb6 Rfe8 23. Nc4 h5 24. Qg5 Ne5 25. Ne3 Nd3 26. Rab1 Re5 27. Qh4
Nxf2+ 28. Rxf2 Rxe3 29. Qg5 Rde8 30. Rbf1 R8e7 31. Rxf7 Rxf7 32. Qxe3 Rxf1+ 33.
Nxf1 Qf7 34. Nd2 Kh7 35. Nc4 b5 36. Nd6 Qxb3 37. Qd2 Bh6 38. Qe2 Bg7 1/2-1/2

[Event "CAN/QC op"]
[Site "Montreal CAN"]
[Date "2002.07.19"]
[Round "8"]
[White "Nogueiras, Jesus"]
[Black "Caceres Cortes, Julio"]
[Result "1-0"]
[WhiteElo "2587"]
[BlackElo "2090"]
[PlyCount "55"]
[EventDate "2002.07.13"]
[EventType "swiss"]
[EventRounds "9"]
[EventCountry "CAN"]

1. c4 c5 2. Nf3 Nf6 3. Nc3 Nc6 4. d4 cxd4 5. Nxd4 e6 6. a3 Nxd4 7. Qxd4 b6 8.
Qf4 Be7 9. e4 d6 10. Qg3 O-O 11. Bh6 Ne8 12. Bf4 e5 13. Bd2 f5 14. Qd3 Be6 15.
exf5 Bxf5 16. Qe3 Nf6 17. Be2 Rc8 18. O-O Bg4 19. Bxg4 Nxg4 20. Qe2 Nf6 21.
Rfd1 Qe8 22. Bg5 Qf7 23. Bxf6 gxf6 24. b3 f5 25. Nb5 Rcd8 26. Nxa7 Bf6 27. Nb5
h5 28. Rac1 1-0

[Event "CAN/QC op"]
[Site "Montreal CAN"]
[Date "2002.07.19"]
[Round "8"]
[White "Nunez, Omar"]
[Black "Kret, Ted"]
[Result "1-0"]
[WhiteElo "1975"]
[BlackElo "2159"]
[PlyCount "89"]
[EventDate "2002.07.13"]
[EventType "swiss"]
[EventRounds "9"]
[EventCountry "CAN"]

1. f4 Nf6 2. Nf3 g6 3. g3 Bg7 4. Bg2 O-O 5. O-O d6 6. d3 Nbd7 7. e4 e5 8. Nc3
c6 9. Kh1 a5 10. a4 Qb6 11. Rb1 Ng4 12. Qe2 f5 13. exf5 gxf5 14. h3 Ngf6 15.
Nh4 Ne8 16. fxe5 Nxe5 17. Be3 Qb4 18. Rf4 Be6 19. Rxb4 axb4 20. Nd1 Rxa4 21.
Bf4 Nc7 22. d4 Nf7 23. Ne3 Re8 24. Qd2 Nh6 25. d5 Nxd5 26. Nxd5 cxd5 27. Bxd5
Nf7 28. Bxe6 Rxe6 29. Nxf5 b3 30. Nxg7 Kxg7 31. cxb3 Rae4 32. Rc1 b5 33. Qc3+
Kg6 34. Qd3 Kg7 35. Rc2 b4 36. Rf2 Kg8 37. Qd5 Kg7 38. Kg2 Kg6 39. g4 Kg7 40.
Bg3 h6 41. Qf5 Ng5 42. Qf8+ Kh7 43. h4 Rxg4 44. hxg5 Rg6 45. Rf7+ 1-0

[Event "CAN/QC op"]
[Site "Montreal CAN"]
[Date "2002.07.19"]
[Round "8"]
[White "Ochkoos, Jura"]
[Black "Burnett, Ronald"]
[Result "0-1"]
[WhiteElo "2251"]
[BlackElo "2404"]
[PlyCount "48"]
[EventDate "2002.07.13"]
[EventType "swiss"]
[EventRounds "9"]
[EventCountry "CAN"]

1. e4 d6 2. d4 Nf6 3. Nc3 g6 4. Bg5 h6 5. Bxf6 exf6 6. Bc4 Bg7 7. Nf3 O-O 8.
O-O Nc6 9. Nd5 f5 10. exf5 Bxf5 11. Ne3 Bd7 12. c3 Ne7 13. Re1 b5 14. Bb3 Rb8
15. h3 a5 16. Qd2 b4 17. Rac1 a4 18. Bd1 bxc3 19. Rxc3 c6 20. b3 axb3 21. Bxb3
Kh7 22. Rec1 Nc8 23. Kh1 f5 24. Nc4 Qf6 0-1

[Event "CAN/QC op"]
[Site "Montreal CAN"]
[Date "2002.07.19"]
[Round "8"]
[White "Patterson, Roger"]
[Black "Houck, Gautier"]
[Result "1-0"]
[WhiteElo "2246"]
[BlackElo "1950"]
[PlyCount "71"]
[EventDate "2002.07.13"]
[EventType "swiss"]
[EventRounds "9"]
[EventCountry "CAN"]

1. e4 c5 2. Nf3 Nc6 3. d4 cxd4 4. Nxd4 a6 5. c4 Qc7 6. Nc3 e6 7. Nxc6 dxc6 8.
Be3 Nf6 9. Bd3 e5 10. h3 Be7 11. O-O O-O 12. c5 Be6 13. Be2 Ne8 14. b4 f5 15.
exf5 Bxf5 16. Bg4 Rd8 17. Qb3+ Kh8 18. Bxf5 Rxf5 19. Ne4 Rd5 20. Rad1 Qd7 21.
Nc3 Rxd1 22. Rxd1 Qc8 23. Ne4 Nc7 24. Nc3 h6 25. Na4 Nd5 26. Nb6 Nxb6 27. cxb6
Rf8 28. Bc5 Qe8 29. Qe3 Bg5 30. Qd3 Rf7 31. Qg6 Bf6 32. Rd6 Qg8 33. Re6 Bg5 34.
Rxe5 Bf4 35. Re6 Bg5 36. Qe4 1-0

[Event "CAN/QC op"]
[Site "Montreal CAN"]
[Date "2002.07.19"]
[Round "8"]
[White "Roy, Alain"]
[Black "Lipnowski, Irwin"]
[Result "1-0"]
[WhiteElo "2170"]
[BlackElo "2416"]
[PlyCount "109"]
[EventDate "2002.07.13"]
[EventType "swiss"]
[EventRounds "9"]
[EventCountry "CAN"]

1. d4 Nf6 2. Nf3 g6 3. g3 Bg7 4. Bg2 O-O 5. O-O d6 6. Re1 c5 7. c3 Nc6 8. d5
Ne5 9. Nxe5 dxe5 10. Be3 b6 11. c4 Rb8 12. a3 Ng4 13. Bd2 f5 14. f3 Nh6 15. e4
Nf7 16. Qc1 Qd6 17. Nc3 a6 18. Be3 Bd7 19. Rb1 Rfc8 20. Bf1 b5 21. Bd3 bxc4 22.
Bxc4 Bb5 23. Nd1 f4 24. Bd2 Qf6 25. Kg2 Nd6 26. Bxb5 axb5 27. Rf1 Nc4 28. Nf2
h5 29. b3 Nxd2 30. Qxd2 Bh6 31. g4 Kf7 32. Qc3 Bg7 33. a4 Qd6 34. Rfc1 Bf6 35.
axb5 Rxb5 36. gxh5 gxh5 37. Nd3 Rg8+ 38. Kh1 Rg5 39. Qc4 Qd7 40. d6+ Kg7 41.
Nxc5 Rxc5 42. Qxc5 Qh3 43. Qf2 exd6 44. Rg1 Kf8 45. Rxg5 Bxg5 46. Qg2 Qxg2+ 47.
Kxg2 Ke8 48. b4 Kd7 49. Kf1 Bd8 50. Ke2 Kc6 51. Kd3 Kb5 52. Kc3 Bb6 53. Kb3 Bd4
54. Rc1 h4 55. Rc8 1-0

[Event "CAN/QC op"]
[Site "Montreal CAN"]
[Date "2002.07.19"]
[Round "8"]
[White "Saint Amand, Paul"]
[Black "Ber, Yves"]
[Result "1/2-1/2"]
[WhiteElo "2214"]
[BlackElo "1923"]
[PlyCount "117"]
[EventDate "2002.07.13"]
[EventType "swiss"]
[EventRounds "9"]
[EventCountry "CAN"]

1. e4 e6 2. d4 d5 3. e5 c5 4. c3 Nc6 5. Nf3 Bd7 6. a3 a5 7. b3 Be7 8. Bd3 Nh6
9. O-O Nf5 10. Bxf5 exf5 11. dxc5 Bxc5 12. Qxd5 Be7 13. c4 Be6 14. Qd1 Qxd1 15.
Rxd1 a4 16. Nc3 axb3 17. Nd5 O-O 18. Rb1 Bxa3 19. Rxb3 Bxc1 20. Rxc1 Na5 21.
Rbc3 Rad8 22. Nb6 h6 23. h4 Nc6 24. Na4 Nd4 25. Nxd4 Rxd4 26. Nc5 b6 27. Nxe6
fxe6 28. Rb1 Rc8 29. Rxb6 Rdxc4 30. Rxc4 Rxc4 31. Rxe6 Rxh4 32. g3 Re4 33. Kg2
Re1 34. f4 Kf7 35. Rc6 Re3 36. Kf2 Re4 37. Rc7+ Kf8 38. Kf3 Re1 39. Rd7 Kg8 40.
Rd2 Kf7 41. Rd7+ Kf8 42. Rb7 Kg8 43. Rb4 Kf7 44. g4 fxg4+ 45. Kxg4 Rg1+ 46. Kf3
h5 47. f5 Rf1+ 48. Ke4 Re1+ 49. Kf4 Rg1 50. Rb7+ Kf8 51. e6 h4 52. Rb3 Ke7 53.
Re3 Rg2 54. Ke5 Rg1 55. Kf4 Rg2 56. Ke4 Rg1 57. Ke5 Rg2 58. Ra3 Re2+ 59. Kf4
1/2-1/2

[Event "CAN/QC op"]
[Site "Montreal CAN"]
[Date "2002.07.19"]
[Round "8"]
[White "Seguin, Rene"]
[Black "Meng, Fanhao"]
[Result "0-1"]
[WhiteElo "1997"]
[BlackElo "2116"]
[PlyCount "38"]
[EventDate "2002.07.13"]
[EventType "swiss"]
[EventRounds "9"]
[EventCountry "CAN"]

1. e4 e5 2. Nf3 Nc6 3. d4 exd4 4. Nxd4 Nf6 5. Nxc6 bxc6 6. e5 Qe7 7. Qe2 Nd5 8.
c4 Ba6 9. b3 g6 10. Qe4 f5 11. Qe2 Bg7 12. Bb2 d6 13. Nd2 dxe5 14. g3 e4 15.
Bxg7 Qxg7 16. Qd1 Nb4 17. Rc1 Nxa2 18. Ra1 Nb4 19. Be2 Qxa1 0-1

[Event "CAN/QC op"]
[Site "Montreal CAN"]
[Date "2002.07.19"]
[Round "8.101"]
[White "Lawson, Jonathan"]
[Black "Strojevs, Alexander"]
[Result "0-1"]
[WhiteElo "1622"]
[BlackElo "1812"]
[PlyCount "71"]
[EventDate "2002.07.13"]
[EventType "swiss"]
[EventRounds "9"]
[EventCountry "CAN"]

1. e4 c5 2. c3 Nf6 3. e5 Nd5 4. d4 e6 5. Nf3 cxd4 6. cxd4 Nc6 7. Nc3 Nb6 8. Bd3
d6 9. O-O Be7 10. Re1 dxe5 11. dxe5 Nb4 12. Bb5+ Bd7 13. Bxd7+ Qxd7 14. Be3
Qxd1 15. Raxd1 Nc2 16. Re2 Nxe3 17. Rxe3 a6 18. Red3 O-O 19. b3 Rfd8 20. Kf1
Rxd3 21. Rxd3 Rd8 22. Ke2 Kf8 23. Nd2 Rxd3 24. Kxd3 Ke8 25. Nc4 Nxc4 26. bxc4
Kd7 27. g4 g5 28. Kd4 Kc6 29. Ne4 b6 30. a4 a5 31. h3 h6 32. f3 Ba3 33. Kd3 Bb2
34. Ke3 Bxe5 35. Kd3 f5 36. Nc3 0-1

[Event "CAN/QC op"]
[Site "Montreal CAN"]
[Date "2002.07.20"]
[Round "9"]
[White "Arsenault, Nicolas"]
[Black "Lawson, Eric"]
[Result "0-1"]
[WhiteElo "1982"]
[BlackElo "2282"]
[PlyCount "52"]
[EventDate "2002.07.13"]
[EventType "swiss"]
[EventRounds "9"]
[EventCountry "CAN"]

1. e4 c5 2. Nf3 Nc6 3. d4 cxd4 4. Nxd4 Nf6 5. Nc3 e5 6. Ndb5 d6 7. Bg5 a6 8.
Na3 b5 9. Nd5 Be7 10. Bxf6 Bxf6 11. c3 Ne7 12. Nxe7 Bxe7 13. Nc2 Bb7 14. Bd3 d5
15. exd5 Qxd5 16. Ne3 Qe6 17. Qh5 g6 18. Qh6 Bf8 19. Qh4 e4 20. Bc2 Bg7 21. Bb3
Qe5 22. Rd1 O-O 23. O-O h5 24. Rd7 Bc6 25. Re7 Qc5 26. Rxe4 g5 0-1

[Event "CAN/QC op"]
[Site "Montreal CAN"]
[Date "2002.07.20"]
[Round "9"]
[White "Benen, Samson"]
[Black "Nunez, Omar"]
[Result "1-0"]
[WhiteElo "2256"]
[BlackElo "1975"]
[PlyCount "65"]
[EventDate "2002.07.13"]
[EventType "swiss"]
[EventRounds "9"]
[EventCountry "CAN"]

1. d4 d5 2. Nf3 Nf6 3. c4 dxc4 4. e3 c5 5. Bxc4 e6 6. O-O Be7 7. Qe2 O-O 8. Rd1
Nc6 9. Nc3 cxd4 10. exd4 Nb4 11. Ne5 Nbd5 12. Rd3 Qd6 13. Rg3 Re8 14. Bh6 Bf8
15. Bg5 Nxc3 16. bxc3 Be7 17. Bh6 g6 18. Qf3 Bd7 19. h4 Bc6 20. Qf4 Rac8 21.
Be2 Nd5 22. Qd2 Bxh4 23. Rh3 Be7 24. Bg7 Bf8 25. Bxf8 Qxf8 26. Bf3 Rb8 27. Re1
Qg7 28. Ng4 b5 29. Bxd5 Bxd5 30. Qg5 h5 31. Nf6+ Kf8 32. Rhe3 Bc6 33. Qe5 1-0

[Event "CAN/QC op"]
[Site "Montreal CAN"]
[Date "2002.07.20"]
[Round "9"]
[White "Bluvshtein, Mark"]
[Black "Demmery, Steve"]
[Result "1-0"]
[WhiteElo "2383"]
[BlackElo "2131"]
[PlyCount "29"]
[EventDate "2002.07.13"]
[EventType "swiss"]
[EventRounds "9"]
[EventCountry "CAN"]

1. d4 d5 2. c4 Bf5 3. cxd5 Bxb1 4. Qa4+ c6 5. Rxb1 Qxd5 6. Nf3 Nd7 7. e3 e6 8.
b4 Ngf6 9. Qc2 a6 10. Bd3 Qh5 11. h3 Be7 12. Bd2 h6 13. Ke2 Nb6 14. e4 Nfd7 15.
e5 1-0

[Event "CAN/QC op"]
[Site "Montreal CAN"]
[Date "2002.07.20"]
[Round "9"]
[White "Boehmer, Kris"]
[Black "Hua, Lefong"]
[Result "0-1"]
[WhiteElo "2130"]
[BlackElo "2307"]
[PlyCount "78"]
[EventDate "2002.07.13"]
[EventType "swiss"]
[EventRounds "9"]
[EventCountry "CAN"]

1. c4 Nf6 2. Nc3 c5 3. g3 g6 4. Bg2 Bg7 5. e4 d6 6. Nge2 Nc6 7. O-O O-O 8. d3
a6 9. h3 Rb8 10. a4 Ne8 11. Rb1 Nc7 12. Nd5 Nxd5 13. exd5 Nb4 14. Nc3 b5 15.
axb5 axb5 16. Bf4 Bf5 17. Ne4 h6 18. g4 Bd7 19. g5 h5 20. Re1 Ra8 21. Ng3 Ra2
22. Nxh5 gxh5 23. Be4 Be8 24. Bf5 e6 25. dxe6 fxe6 26. Bxe6+ Kh8 27. Re4 Bg6
28. Be3 Qe8 29. Bf5 Qf7 30. Bxg6 Qxg6 31. Rh4 Nxd3 32. cxb5 d5 33. f4 Nxf4 34.
Bxf4 Rxf4 35. Rxh5+ Kg8 36. Qxd5+ Rf7 37. Qxa2 Bd4+ 38. Kh2 Qxh5 39. Qa8+ Kg7
0-1

[Event "CAN/QC op"]
[Site "Montreal CAN"]
[Date "2002.07.20"]
[Round "9"]
[White "Brodie, Hugh"]
[Black "Beaulieu, Alain"]
[Result "1/2-1/2"]
[WhiteElo "1902"]
[BlackElo "1663"]
[PlyCount "104"]
[EventDate "2002.07.13"]
[EventType "swiss"]
[EventRounds "9"]
[EventCountry "CAN"]

1. e4 Nf6 2. Nc3 d6 3. d4 g6 4. f4 Bg7 5. Nf3 Bg4 6. e5 dxe5 7. fxe5 Nd5 8. Bc4
e6 9. O-O Nc6 10. Ne4 h6 11. c3 O-O 12. Bb3 Na5 13. Bc2 f5 14. exf6 Nxf6 15.
Nc5 b6 16. Nd3 Nc4 17. Nf4 g5 18. Ng6 Re8 19. Qe2 Nd6 20. Nge5 Bh5 21. Bd2 g4
22. Nh4 g3 23. Nhf3 gxh2+ 24. Kh1 Nf5 25. Qf2 Ng4 26. Nxg4 Bxg4 27. Nxh2 h5 28.
Nxg4 hxg4 29. Bxf5 exf5 30. Qxf5 Qh4+ 31. Kg1 Rf8 32. Qg5 Qxg5 33. Bxg5 Rae8
34. Rae1 Rxf1+ 35. Kxf1 Rxe1+ 36. Kxe1 Kf7 37. Kf2 Ke6 38. Bf4 c6 39. Ke3 Kf5
40. b3 a6 41. Bc7 b5 42. c4 Bh6+ 43. Kd3 Bf4 44. Bxf4 Kxf4 45. d5 cxd5 46. cxd5
Ke5 47. d6 Kxd6 48. Kd4 a5 49. a3 g3 50. b4 a4 51. Ke4 Ke6 52. Kd4 Kd6 1/2-1/2

[Event "CAN/QC op"]
[Site "Montreal CAN"]
[Date "2002.07.20"]
[Round "9"]
[White "Buscar, Michael"]
[Black "Bolduc, Steve"]
[Result "0-1"]
[WhiteElo "2039"]
[BlackElo "2268"]
[PlyCount "126"]
[EventDate "2002.07.13"]
[EventType "swiss"]
[EventRounds "9"]
[EventCountry "CAN"]

1. d4 d5 2. c4 e6 3. Nc3 Be7 4. e3 Nf6 5. Bd3 O-O 6. Nge2 a6 7. O-O c5 8. dxc5
Bxc5 9. cxd5 exd5 10. b3 Nc6 11. Bb2 Bg4 12. Na4 Ba7 13. Rc1 Qd6 14. Qd2 Rad8
15. f3 Rfe8 16. Bd4 Nxd4 17. exd4 Bb8 18. Ng3 Bc8 19. Qg5 h6 20. Qh4 Qf4 21.
Qxf4 Bxf4 22. Rcd1 Be3+ 23. Kh1 b5 24. Nb6 Be6 25. Nf5 Bf4 26. a4 g6 27. Ng3
Rb8 28. a5 Bc7 29. Ra1 Bxb6 30. axb6 Rxb6 31. Rfc1 Rc8 32. Rc5 Rbc6 33. Rac1
Rxc5 34. dxc5 d4 35. Ne2 Bxb3 36. Nxd4 Rd8 37. Nxb3 Rxd3 38. c6 Nd5 39. Nc5 Ra3
40. Kg1 b4 41. Rd1 Nc7 42. Rd7 Rc3 43. Rxc7 Rxc5 44. Rc8+ Kg7 45. c7 a5 46. Ra8
Rxc7 47. Rxa5 Rb7 48. Ra2 Kf6 49. Kf2 Ke5 50. Ke3 Kd5 51. Kd3 Kc5 52. Ra5+ Rb5
53. Ra4 b3 54. Rc4+ Kb6 55. Rc1 b2 56. Rb1 Kc5 57. Kc2 Kc4 58. h3 h5 59. h4 Rb4
60. g4 Rb3 61. gxh5 gxh5 62. f4 Rh3 63. f5 Rh2+ 0-1